Dianetics Maansik swasthya ka aadhunik vigyan (Record no. 41447)

MARC details
000 -LEADER
fixed length control field 00376nam a2200133Ia 4500
008 - FIXED-LENGTH DATA ELEMENTS--GENERAL INFORMATION
fixed length control field 240719s9999 xx 000 0 und d
041 ## - LANGUAGE CODE
Language code of text/sound track or separate title eng
082 ## - DEWEY DECIMAL CLASSIFICATION NUMBER
Classification number 150.7 HAB
100 ## - MAIN ENTRY--PERSONAL NAME
Personal name Habard, Ron L.
245 ## - TITLE STATEMENT
Title Dianetics Maansik swasthya ka aadhunik vigyan
260 ## - PUBLICATION, DISTRIBUTION, ETC.
Place of publication, distribution, etc. New Dehli
Name of publisher, distributor, etc. Denmark:New Era Publications
Date of publication, distribution, etc. 2009
300 ## - PHYSICAL DESCRIPTION
Extent 671.; P. 24 cm
520 ## - SUMMARY, ETC.
Summary, etc. Gifted By : New era
Holdings
Withdrawn status Lost status Damaged status Not for loan Home library Current library Shelving location Date acquired Full call number Barcode Date last seen Price effective from Koha item type
        IMTN IMTN Rack 2-B 08/13/2023 150.7 HAB 33142 07/19/2024 07/19/2024 Books
Designed & Maintained by: LRC IMT Nagpur Contact: lrc@imtnag.ac.in© 2024. All Rights Reserved.